00573nam a2200181 a 450000100100000000500170001000800410002704000250006808200190009310000300011224500580014226000460020030000210024649000350026765000210030265000330032383000350035600001910420200929165926.0100525s1944 ag 000 p spa d aDO-SdBNPbspacBNPHU aCH861.4bN454r1 aNeruda, Pablo,d1904-197310aResidencia en la tierra :b1925-1935 /cPablo Neruda. aBuenos Aires, Argentina :bLosada,c1944. a287 p. ;c21 cm.1 aPoetas de España y América 4aPoesía chilena 4aLiteratura chilenaySIGLO XX 0aPoetas de España y América